Morceaux choisis de Victor Hugo poésie
| Main Author: | |
|---|---|
| Format: | Book |
| Language: | English |
| PhysicalDescription: | 504 s. |
| Published: |
Paris
Librairie Delagrave
1919
|
MARC
| LEADER | 00000nam a2200000 a 4500 | ||
|---|---|---|---|
| 001 | vtls010094592 | ||
| 003 | SK-MaSNL | ||
| 005 | 20260224212524.0 | ||
| 008 | 240315 000 0 eng | ||
| 040 | |a SNK |b slo |c SNK |e AACR2 | ||
| 100 | 1 | |a Hugo, Victor, |d 1802-1885 |4 aut | |
| 245 | 1 | |a Morceaux choisis de Victor Hugo poésie | |
| 260 | |a Paris |b Librairie Delagrave |c 1919 | ||
| 300 | |a 504 s. | ||
| 999 | |c 1176813 |d 1178743 | ||
| 952 | |a SNK |b SNK |y VYP |7 0 |p 17A0656549 |o snkIE 4011 |i snkK 2585/69 |8 3 |3 rekatalogizácia |0 0 |1 0 |4 0 |d 2010-05-12 |l 0 |r 2026-02-24 21:25:24 |w 2026-02-24 | ||


